Japanese Cities - Sudden Death - Statistics

General Stats
  • This quiz has been taken 58 times
  • The average score is 11 of 20
Answers on the Grid
Answers color-coded by a green-red scale on the quiz's grid according to % correct below.
Tokyo
Osaka
Yokohama
Nara
Kyoto
Obama
Nagasaki
Hiroshima
Kobe
Sapporo
Sendai
Fukuoka
Nagoya
Kanazawa
Kawasaki
Saitama
Setagaya
Nerima
Edogawa
Toyota
Funigawa
Gaoshima
Barita
Suwaguchi
Hakyo
Tappori
Inuzawa
Seikai
Hirakisa
Nimajima
Tedo
Totoro
Honda
Goku
Murasaki
Ninjin
Kabocha
Yakyu
Uzumaki
Hitobito
 
Answer Stats
Answer % Correct
Hiroshima
90%
Osaka
88%
Kobe
80%
Nagasaki
78%
Nagoya
78%
Tokyo
78%
Kyoto
75%
Sapporo
73%
Yokohama
73%
Kawasaki
63%
Nara
63%
Fukuoka
60%
Sendai
60%
Saitama
53%
Kanazawa
43%
Edogawa
28%
Toyota
28%
Obama
18%
Nerima
13%
Setagaya
13%
No matching quizzes found
Score Distribution
Percent of People with Each Score
Percentile by Number Answered
Your Score History
You have not taken this quiz